Le 15 isole più grandi del Mediterraneo - Statistics

Statistiche generali
  • Questo quiz è stato fatto 256 volte
  • Il punteggio medio è 9 su 15
Statistiche sulle risposte
Hint Risposta % Corretto
Italia Sardegna
100%
Italia Sicilia
100%
Francia Corsica
95%
Cipro Cipro
94%
Grecia Creta
87%
Spagna Maiorca
73%
Spagna Ibiza
71%
Spagna Minorca
65%
Grecia Rodi
58%
Grecia Corfù
42%
Grecia Lesbo
40%
Grecia Cefalonia
26%
Grecia Eubea
24%
Tunisia Gerba/Djerba
23%
Grecia Chio
14%
Nessun quiz corrispondente trovato
Distribuzione punteggi
Percentuale di utenti per punteggio
Percentile per numero di risposta
I tuoi punteggi nel tempo
Non hai fatto questo quiz